| 000 | 00469nam a2200157Ia 4500 | ||
|---|---|---|---|
| 008 | 170221s9999 xx 000 0 und d | ||
| 100 | _aAgamirza E. Bashirov | ||
| 245 | _aDynamics of Literary Texts and Diffusion | ||
| 245 | _cAgamirza E. Bashirov Gunesh Bashirova | ||
| 260 | _bOnline Journal of Communication and Media Technologies | ||
| 260 | _c2011 | ||
| 300 | _a1 : 3 | ||
| 650 | _xCommunication | ||
| 650 | _xMedia Arts | ||
| 856 | _uhttp://www.ojcmt.net/ | ||
| 999 |
_c307344 _d307344 |
||